00494 a2200145 4500001001000000005001700010008004100027245008200068100002800150700002300178700002000201700002300221773008700244999001700331ART_4603720260410161731.0260409a 10aConciencia y acciones de consumo responsable en los jóvenes univfersitarios1 aBianchi, Enrique Carlos1 aCarmelé, Belén1 aTubaro, Darío1 aBruno, Juan Manuel0 tEscritos contables y de administracióng- Vol. 4, Nº1 (ene./jun. 2013)wREV2758 c17842d17842